|
|
|
|
| LEADER |
02105nam a2200529 a 4500 |
| 001 |
nkc20122371353 |
| 003 |
CZ PrNK |
| 005 |
20250519130041.0 |
| 007 |
ta |
| 008 |
120601s2011 xr a e 000 0 cze |
| 015 |
|
|
|a cnb002371353
|
| 020 |
|
|
|a 978-80-7375-597-3
|q (brož.)
|
| 035 |
|
|
|a (OCoLC)798996348
|
| 040 |
|
|
|a OLA001
|b cze
|
| 043 |
|
|
|a e-xr---
|
| 072 |
|
7 |
|a 639.2/.6
|x Rybářství
|2 Konspekt
|9 24
|
| 080 |
|
|
|a 639.3
|2 MRF
|
| 080 |
|
|
|a 639.311
|2 MRF
|
| 080 |
|
|
|a 639.2/.6+626.88
|2 MRF
|
| 080 |
|
|
|a 597.552.5
|2 MRF
|
| 080 |
|
|
|a (437.3)
|2 MRF
|
| 080 |
|
|
|a (072)
|2 MRF
|
| 245 |
0 |
0 |
|a Optimalizace hydrochemických parametrů v recirkulačním systému pro chov ryb.
|n I.,
|p Stabilizace kyselinové neutralizační kapacity a snížení toxicity dusitanů v recirkulačním systému Dánského typu : ověřená technologie /
|c Štěpán Lang ... [et al.]
|
| 246 |
3 |
0 |
|a Stabilizace kyselinové neutralizační kapacity a snížení toxicity dusitanů v recirkulačním systému Dánského typu
|
| 250 |
|
|
|a Vyd. 1.
|
| 260 |
|
|
|a V Brně :
|b Mendelova univerzita,
|c 2011
|
| 300 |
|
|
|a 27 s. :
|b il. ;
|c 20 cm
|
| 500 |
|
|
|a Nad názvem: technologie R02/2011
|
| 500 |
|
|
|a Na obálce nad a pod názvem: Mendelova univerzita v Brně, Agronomická fakulta
|
| 504 |
|
|
|a Obsahuje bibliografii
|
| 650 |
0 |
7 |
|a chov ryb
|7 ph134819
|z Česko
|2 czenas
|
| 650 |
0 |
7 |
|a rybníkářství
|7 ph125361
|z Česko
|2 czenas
|
| 650 |
0 |
7 |
|a akvakultura
|7 ph698677
|2 czenas
|
| 650 |
0 |
7 |
|a lososovití
|7 ph138110
|2 czenas
|
| 650 |
0 |
9 |
|a fish keeping
|z Czechia
|2 eczenas
|
| 650 |
0 |
9 |
|a fish culture
|z Czechia
|2 eczenas
|
| 650 |
0 |
9 |
|a aquaculture
|2 eczenas
|
| 650 |
0 |
9 |
|a Salmonidae
|2 eczenas
|
| 655 |
|
7 |
|a metodické příručky
|7 fd132826
|2 czenas
|
| 655 |
|
9 |
|a methodological manuals
|2 eczenas
|
| 700 |
1 |
|
|a Lang, Štěpán
|7 ola2012702043
|4 aut
|
| 710 |
2 |
|
|a Mendelova univerzita.
|b Agronomická fakulta
|7 ko2010564124
|
| 910 |
2 |
|
|a BOA001
|b 2-1287.462
|
| 990 |
|
|
|a BK
|
| 995 |
|
|
|a 01
|
| 991 |
|
|
|b 201206
|c NOV
|e n
|
| 996 |
6 |
|
|b 2610513637
|c 2-1287.462
|l MZK
|r Sklad / do 1 hodiny
|n 0
|p p.v.
|w 001254873
|u 000010
|a 1
|e BOA001
|j MZK50
|s P
|